000 00430nam a2200157 i 4500
001 57467
003 ES-MaACL
005 20230906163601.0
007 t|
008 031016s1919 fr ||||1| fre d
100 1 _aDorgeot, E.
_945402
245 1 0 _aCinemátique theorique et appliquée /
_cE. Dorgeot.
260 _a[S.l. :
_bs.n.,
_c1919] (
_eTours :
_fDeslis Frères)
300 _a272 p. ;
_c27 cm.
852 _aES-MaACL
_jF-727
999 _c57467
_d57467